[Event "Scarborough CC Winter End"]
[Site "Toronto CAN"]
[Date "2012.03.08"]
[Round "4"]
[White "Song, Lin"]
[Black "Nasirov, Ilyas"]
[Result "1/2-1/2"]
[WhiteElo "1876"]
[BlackElo "2003"]
[PlyCount "62"]
[GameId "2160767909576357"]
[EventDate "2012.02.16"]
[EventType "swiss"]
[EventRounds "5"]
[EventCountry "CAN"]
[SourceTitle "EXT 2022"]
[Source "ChessBase"]
[SourceDate "2021.10.06"]
[SourceVersion "1"]
[SourceVersionDate "2021.10.06"]
[SourceQuality "1"]

1. e4 e6 2. f4 d5 3. e5 c5 4. c3 Nc6 5. d4 cxd4 6. cxd4 Nge7 7. Nf3 Nf5 8. Nc3 Qb6 9. Bb5 Bd7 10. Bxc6 bxc6 11. O-O c5 12. Na4 Qa5 13. Nxc5 Bxc5 14. dxc5 Qxc5+ 15. Kh1 O-O 16. Bd2 Rab8 17. b4 Qb6 18. a3 Bb5 19. Re1 d4 20. g4 Ne7 21. h3 Rbc8 22. Rc1 Rxc1 23. Bxc1 Rd8 24. Kh2 Bc6 25. Nh4 a5 26. Bd2 axb4 27. Bxb4 Nd5 28. Qd2 Nc3 29. f5 Rc8 30. fxe6 fxe6 31. Rf1 Bb5 1/2-1/2

[Event "Scarborough CC Winter End"]
[Site "Toronto CAN"]
[Date "2012.03.08"]
[Round "4"]
[White "Southam, David"]
[Black "Song, Michael"]
[Result "1-0"]
[WhiteElo "2214"]
[BlackElo "2184"]
[PlyCount "94"]
[GameId "2160767909576358"]
[EventDate "2012.02.16"]
[EventType "swiss"]
[EventRounds "5"]
[EventCountry "CAN"]
[SourceTitle "EXT 2022"]
[Source "ChessBase"]
[SourceDate "2021.10.06"]
[SourceVersion "1"]
[SourceVersionDate "2021.10.06"]
[SourceQuality "1"]

1. d4 Nf6 2. c4 c5 3. d5 b5 4. cxb5 a6 5. bxa6 g6 6. Nc3 Bxa6 7. e4 Bxf1 8. Kxf1 d6 9. Nge2 Bg7 10. h3 O-O 11. Kg1 Nbd7 12. Kh2 Ra6 13. Qc2 Qa8 14. Rd1 Re8 15. Nb5 Qb8 16. Nec3 e6 17. Be3 exd5 18. exd5 Ne5 19. b3 Qd8 20. Qd2 Neg4+ 21. hxg4 Nxg4+ 22. Kg1 Rxe3 23. fxe3 Qh4 24. Kf1 Qf6+ 25. Ke2 Bh6 26. Rf1 Qg5 27. Kd3 Nxe3 28. Rf3 Nxg2 29. Qxg5 Bxg5 30. Rg1 Nf4+ 31. Kc2 h6 32. a4 f5 33. Na3 Kg7 34. Nc4 Kf6 35. Nb5 h5 36. Ncxd6 Bh6 37. Ne8+ Ke7 38. d6+ Kxe8 39. Nc7+ Kd7 40. Nxa6 Ne2 41. Rxg6 Nd4+ 42. Kd3 Nxf3 43. Rxh6 Ne5+ 44. Ke2 f4 45. Nxc5+ Ke8 46. d7+ Ke7 47. Rh8 Nf7 1-0

[Event "Scarborough CC Winter End"]
[Site "Toronto CAN"]
[Date "2012.03.15"]
[Round "5"]
[White "Bellissimo, Joseph"]
[Black "Nasirov, Ilyas"]
[Result "0-1"]
[WhiteElo "1903"]
[BlackElo "2003"]
[PlyCount "62"]
[GameId "2160767909576359"]
[EventDate "2012.02.16"]
[EventType "swiss"]
[EventRounds "5"]
[EventCountry "CAN"]
[SourceTitle "EXT 2022"]
[Source "ChessBase"]
[SourceDate "2021.10.06"]
[SourceVersion "1"]
[SourceVersionDate "2021.10.06"]
[SourceQuality "1"]

1. e4 e6 2. d4 d5 3. e5 c5 4. c3 Nc6 5. Nf3 Qb6 6. a3 a5 7. Bd3 Bd7 8. O-O cxd4 9. cxd4 Nxd4 10. Nxd4 Qxd4 11. Nc3 Qb6 12. Kh1 Ne7 13. f4 d4 14. Ne2 Bc6 15. f5 exf5 16. Bxf5 Nxf5 17. Rxf5 O-O-O 18. Nf4 Rd7 19. Qg4 Qb3 20. Rxf7 h5 21. Rxf8+ Rxf8 22. Qxh5 g5 23. e6 Re7 24. h3 gxf4 25. Qh6 Qd1+ 26. Kh2 Rg8 27. Qf8+ Rxf8 28. b4 Qf1 29. Ra2 Rg8 30. Bxf4 Rxg2+ 31. Rxg2 Qxg2# 0-1

[Event "Scarborough CC Winter End"]
[Site "Toronto CAN"]
[Date "2012.03.15"]
[Round "5"]
[White "Lin, Tony (Juntao)"]
[Black "Manalo, Pepin"]
[Result "1-0"]
[WhiteElo "2048"]
[BlackElo "1857"]
[PlyCount "81"]
[GameId "2160767909576360"]
[EventDate "2012.02.16"]
[EventType "swiss"]
[EventRounds "5"]
[EventCountry "CAN"]

1. d4 Nf6 2. Nf3 d5 3. c3 g6 4. g3 Bg7 5. Bg2 Nbd7 6. O-O Ne4 7. Nfd2 f5 8. f3 Nef6 9. Nb3 b6 10. N1d2 a5 11. a4 Ba6 12. Re1 O-O 13. e4 fxe4 14. fxe4 c6 15. e5 Nh5 16. Nf3 e6 17. Ng5 Qe8 18. Qg4 Rf5 19. Qd1 h6 20. g4 hxg5 21. gxf5 gxf5 22. Bxg5 Qg6 23. Qd2 Bc4 24. Nc1 Rf8 25. b3 Ba6 26. Be7 Rf7 27. Qg5 Qh7 28. Bd6 f4 29. Bf3 Rf5 30. Qh4 Qg6+ 31. Kf2 Rg5 32. Ne2 Bxe2 33. Rxe2 Nf8 34. Be7 Rf5 35. Rg1 Qf7 36. Bg4 f3 37. Rd2 Ng6 38. Bxh5 Nxh4 39. Bxf7+ Kxf7 40. Bxh4 Bh6 41. Rd3 1-0

[Event "Scarborough CC Winter End"]
[Site "Toronto CAN"]
[Date "2012.03.15"]
[Round "5"]
[White "Paterson, Jim"]
[Black "Morra, Lui"]
[Result "0-1"]
[WhiteElo "1858"]
[BlackElo "1705"]
[PlyCount "58"]
[GameId "2160767909576361"]
[EventDate "2012.02.16"]
[EventType "swiss"]
[EventRounds "5"]
[EventCountry "CAN"]
[SourceTitle "EXT 2022"]
[Source "ChessBase"]
[SourceDate "2021.10.06"]
[SourceVersion "1"]
[SourceVersionDate "2021.10.06"]
[SourceQuality "1"]

1. d4 Nf6 2. Nf3 g6 3. c4 Bg7 4. Nc3 d6 5. e4 c5 6. d5 O-O 7. Be2 a6 8. a4 e6 9. Bg5 Qb6 10. Qd2 Re8 11. O-O exd5 12. exd5 Bf5 13. Rfe1 Ne4 14. Nxe4 Bxe4 15. Bd3 f5 16. Rab1 Nd7 17. Bxe4 fxe4 18. Nh4 Qb3 19. Bf4 Bf6 20. Re3 Qxc4 21. Rh3 Ne5 22. Bg5 Bg7 23. b4 Nd3 24. bxc5 Qxc5 25. Rxb7 Rab8 26. Rxg7+ Kxg7 27. Nf5+ Kg8 28. Nh6+ Kf8 29. Qa2 Rb2 0-1

[Event "Scarborough CC Winter End"]
[Site "Toronto CAN"]
[Date "2012.03.15"]
[Round "5"]
[White "Posaratnanathan, Juliaan"]
[Black "Guo, Joshua"]
[Result "1/2-1/2"]
[WhiteElo "1934"]
[BlackElo "2324"]
[PlyCount "91"]
[GameId "2160767909576362"]
[EventDate "2012.02.16"]
[EventType "swiss"]
[EventRounds "5"]
[EventCountry "CAN"]

1. e4 Nf6 2. e5 Nd5 3. d4 d6 4. c4 Nb6 5. exd6 exd6 6. Nc3 Be7 7. Nf3 Bg4 8. Be2 Nc6 9. b3 O-O 10. O-O Bf6 11. Be3 g6 12. Rc1 Bg7 13. h3 Bxf3 14. Bxf3 Nd7 15. Nd5 Rb8 16. Re1 Re8 17. Qd2 Ne7 18. Bg5 f6 19. Nxe7+ Rxe7 20. Bd5+ Kh8 21. Bh6 Bxh6 22. Qxh6 c6 23. Be6 Qe8 24. d5 Nc5 25. Qe3 a5 26. Qc3 Kg7 27. Qxa5 Nd3 28. Rf1 Nxc1 29. Rxc1 Ra8 30. Qb4 c5 31. Qd2 Qd8 32. a4 Qa5 33. Qf4 Ra6 34. Qg3 Qd2 35. Rc3 Rb6 36. Rd3 Qe1+ 37. Kh2 Qe5 38. f4 Qe4 39. Re3 Qd4 40. Rd3 Qe4 41. Re3 Qc2 42. Rc3 Qe4 43. Re3 Qb1 44. h4 Qd1 45. Rf3 Qe2 46. h5 1/2-1/2

[Event "Scarborough CC Winter End"]
[Site "Toronto CAN"]
[Date "2012.03.15"]
[Round "5"]
[White "Shebetah, Wajdy"]
[Black "Ugodnikov, Arkadiy"]
[Result "0-1"]
[WhiteElo "2082"]
[BlackElo "1781"]
[PlyCount "50"]
[GameId "2160767909576363"]
[EventDate "2012.02.16"]
[EventType "swiss"]
[EventRounds "5"]
[EventCountry "CAN"]

1. d4 Nf6 2. Bf4 g6 3. e3 Bg7 4. Nf3 O-O 5. h3 b6 6. Nbd2 Bb7 7. a4 c5 8. c3 d6 9. a5 Nc6 10. a6 Bc8 11. Bb5 Bd7 12. Qe2 Re8 13. Bh2 cxd4 14. exd4 e5 15. dxe5 Nxe5 16. Nxe5 dxe5 17. O-O Bxb5 18. Qxb5 Qxd2 19. Rad1 Qg5 20. f4 Qh6 21. fxe5 Qe3+ 22. Kh1 Ne4 23. Bf4 Ng3+ 24. Bxg3 Qxg3 25. Qd7 Bxe5 0-1

[Event "Scarborough CC Winter End"]
[Site "Toronto CAN"]
[Date "2012.03.15"]
[Round "5"]
[White "Song, Michael"]
[Black "Song, Lin"]
[Result "1-0"]
[WhiteElo "2184"]
[BlackElo "1876"]
[PlyCount "68"]
[GameId "2160767909576364"]
[EventDate "2012.02.16"]
[EventType "swiss"]
[EventRounds "5"]
[EventCountry "CAN"]
[SourceTitle "EXT 2022"]
[Source "ChessBase"]
[SourceDate "2021.10.06"]
[SourceVersion "1"]
[SourceVersionDate "2021.10.06"]
[SourceQuality "1"]

1. d4 Nf6 2. c4 g6 3. g3 Bg7 4. Bg2 O-O 5. Nc3 d6 6. Nf3 Na6 7. O-O c5 8. d5 Nc7 9. Qc2 Rb8 10. Re1 e6 11. e4 exd5 12. cxd5 h6 13. b3 Kh7 14. Be3 b6 15. Rad1 Ng8 16. Bf4 Bb7 17. e5 Ne8 18. Nb5 dxe5 19. Nxe5 Ra8 20. d6 Bxg2 21. Kxg2 a6 22. d7 Bxe5 23. Rxe5 Nef6 24. Nc3 Nxd7 25. Red5 Ngf6 26. Rd6 Qe7 27. Qd2 Ne5 28. Qe2 Qb7+ 29. f3 Ned7 30. Ne4 Rfe8 31. Qc4 Kg7 32. Qc3 Kh7 33. Rxd7 Nxe4 34. Qc4 Nf6 1-0

[Event "Scarborough CC Winter End"]
[Site "Toronto CAN"]
[Date "2012.03.15"]
[Round "5"]
[White "Wang, Eric1"]
[Black "Picana, Andrew"]
[Result "0-1"]
[WhiteElo "1736"]
[BlackElo "2060"]
[PlyCount "114"]
[GameId "2160767909576366"]
[EventDate "2012.02.16"]
[EventType "swiss"]
[EventRounds "5"]
[EventCountry "CAN"]
[SourceTitle "EXT 2022"]
[Source "ChessBase"]
[SourceDate "2021.10.06"]
[SourceVersion "1"]
[SourceVersionDate "2021.10.06"]
[SourceQuality "1"]

1. d4 Nf6 2. c4 g6 3. Nc3 Bg7 4. e4 d6 5. Nf3 O-O 6. Be2 Nc6 7. O-O e5 8. d5 Ne7 9. Ne1 Nd7 10. Be3 f5 11. f3 f4 12. Bf2 Nf6 13. Rc1 Bd7 14. b4 g5 15. c5 h5 16. cxd6 cxd6 17. Nb5 Bxb5 18. Bxb5 a6 19. Be2 Qd7 20. Nd3 Ng6 21. Qd2 Rac8 22. Rxc8 Rxc8 23. Rc1 g4 24. Rxc8+ Qxc8 25. Qc1 Qxc1+ 26. Nxc1 h4 27. Nb3 b5 28. Na5 g3 29. Bb6 Kf7 30. Nc6 Nd7 31. Bc7 Bf8 32. Nd8+ Kf6 33. Nb7 Nh8 34. Bxd6 Bxd6 35. Nxd6 Nf7 36. Nxf7 Kxf7 37. hxg3 fxg3 38. Bd1 Nb6 39. Bb3 Ke7 40. Kh1 Kd6 41. Kg1 Kc7 42. Kh1 Nc4 43. a4 Nb2 44. axb5 axb5 45. Bc2 Na4 46. Bd1 Nc3 47. Bb3 Ne2 48. Bc2 Kb6 49. Bd3 Nc3 50. Kg1 Na2 51. d6 Nxb4 52. d7 Nc6 53. f4 exf4 54. e5 b4 55. e6 Kc7 56. Bc4 Ne5 57. Bd5 Kd8 0-1

[Event "Scarborough CC Winter End"]
[Site "Toronto CAN"]
[Date "2012.03.15"]
[Round "5"]
[White "Wiebe, Daniel"]
[Black "Southam, David"]
[Result "0-1"]
[WhiteElo "1844"]
[BlackElo "2214"]
[PlyCount "76"]
[GameId "2160767909576367"]
[EventDate "2012.02.16"]
[EventType "swiss"]
[EventRounds "5"]
[EventCountry "CAN"]
[SourceTitle "EXT 2022"]
[Source "ChessBase"]
[SourceDate "2021.10.06"]
[SourceVersion "1"]
[SourceVersionDate "2021.10.06"]
[SourceQuality "1"]

1. e4 e6 2. d4 d5 3. Nc3 Bb4 4. a3 Bxc3+ 5. bxc3 dxe4 6. Qg4 Nf6 7. Qxg7 Rg8 8. Qh6 Rg6 9. Qd2 b6 10. Ne2 Bb7 11. Nf4 Rg8 12. Bb2 Qe7 13. O-O-O Nbd7 14. c4 O-O-O 15. d5 e5 16. Ne2 Nc5 17. Ng3 Na4 18. d6 Qe6 19. Qb4 Nxb2 20. Kxb2 Rxd6 21. Rxd6 cxd6 22. Be2 Nd7 23. a4 a5 24. Qb5 Kc7 25. Ka3 Bc6 26. Qb3 f5 27. c5 Qxb3+ 28. cxb3 Nxc5 29. Rg1 f4 30. Nf5 f3 31. Bf1 fxg2 32. Bxg2 d5 33. Ne7 Rg7 34. Nf5 Rg5 35. Ng3 Nd3 36. Rf1 Rg8 37. Bh3 d4 38. Nh5 Nf4 0-1

[Event "Scarborough CC Winter End"]
[Site "Toronto CAN"]
[Date "2012.03.15"]
[Round "5"]
[White "Zotkin, Daniel"]
[Black "Triefeldt, Jack"]
[Result "0-1"]
[WhiteElo "1783"]
[BlackElo "1794"]
[PlyCount "82"]
[GameId "2160767909576368"]
[EventDate "2012.02.16"]
[EventType "swiss"]
[EventRounds "5"]
[EventCountry "CAN"]
[SourceTitle "EXT 2022"]
[Source "ChessBase"]
[SourceDate "2021.10.06"]
[SourceVersion "1"]
[SourceVersionDate "2021.10.06"]
[SourceQuality "1"]

1. b3 d5 2. Bb2 Nf6 3. e3 g6 4. Nf3 Bg4 5. h3 Bxf3 6. Qxf3 c6 7. c4 Bg7 8. cxd5 Qxd5 9. e4 Qa5 10. Bc4 O-O 11. O-O Nbd7 12. Bc3 Qc7 13. Qe3 e6 14. f4 Qb6 15. Bd4 c5 16. Bb2 Qc6 17. e5 Nd5 18. Bxd5 exd5 19. d4 b6 20. Nd2 Qe6 21. g4 f5 22. g5 Rfc8 23. Rac1 cxd4 24. Bxd4 Bf8 25. Kg2 Nc5 26. b4 Ne4 27. Nxe4 dxe4 28. a3 Rxc1 29. Rxc1 Rc8 30. Rxc8 Qxc8 31. Qb3+ Kh8 32. Qf7 Bg7 33. Qxa7 b5 34. Qc5 Qe8 35. e6 Bxd4 36. Qxd4+ Kg8 37. Qf6 Qc8 38. Qf7+ Kh8 39. Qf6+ Kg8 40. e7 e3 41. Qe5 Qc2+ 0-1

[Event "Scarborough CC Winter End U1400"]
[Site "Toronto CAN"]
[Date "2012.02.16"]
[Round "1"]
[White "Chen, George"]
[Black "Pulogarajah, Kaarthic"]
[Result "1-0"]
[WhiteElo "1254"]
[BlackElo "1015"]
[PlyCount "55"]
[GameId "2160767909576369"]
[EventDate "2012.02.16"]
[EventType "swiss"]
[EventRounds "5"]
[EventCountry "CAN"]
[SourceTitle "EXT 2022"]
[Source "ChessBase"]
[SourceDate "2021.10.06"]
[SourceVersion "1"]
[SourceVersionDate "2021.10.06"]
[SourceQuality "1"]

1. d4 Nc6 2. Nc3 e5 3. Nf3 exd4 4. Nxd4 Nxd4 5. Qxd4 Nf6 6. Bg5 Be7 7. Ne4 d5 8. Nxf6+ Bxf6 9. Bxf6 gxf6 10. O-O-O c6 11. Rd3 f5 12. Qxh8+ Kd7 13. Qxd8+ Kxd8 14. Rh3 Be6 15. Rxh7 Kc7 16. e3 d4 17. exd4 Bxa2 18. b3 Rd8 19. Rxf7+ Rd7 20. Rxd7+ Kxd7 21. Kb2 Bxb3 22. cxb3 Kd6 23. Kc3 c5 24. dxc5+ Kxc5 25. Bd3 a5 26. Bxf5 b5 27. h4 b4+ 28. Kb2 1-0

[Event "Scarborough CC Winter End U1400"]
[Site "Toronto CAN"]
[Date "2012.02.16"]
[Round "1"]
[White "Kaneshalingam, Mathanhe"]
[Black "Lin, Benjamin1"]
[Result "1/2-1/2"]
[WhiteElo "1009"]
[BlackElo "1254"]
[PlyCount "51"]
[GameId "2160767909576370"]
[EventDate "2012.02.16"]
[EventType "swiss"]
[EventRounds "5"]
[EventCountry "CAN"]
[SourceTitle "EXT 2022"]
[Source "ChessBase"]
[SourceDate "2021.10.06"]
[SourceVersion "1"]
[SourceVersionDate "2021.10.06"]
[SourceQuality "1"]

1. d4 d5 2. c4 c6 3. Nc3 e6 4. Nf3 Nd7 5. e3 Bd6 6. Bd3 Ngf6 7. O-O O-O 8. Qe2 b6 9. b3 Bb7 10. Bb2 Rc8 11. Rac1 Re8 12. e4 dxe4 13. Nxe4 Nxe4 14. Bxe4 Nf6 15. Rfe1 Bb4 16. Bc3 Bxc3 17. Rxc3 Nxe4 18. Qxe4 f6 19. Qg4 f5 20. Qg3 c5 21. dxc5 Rxc5 22. Nh4 Qd2 23. Rce3 Qd7 24. h3 a5 25. a4 Bc6 26. R3e2 1/2-1/2

[Event "Scarborough CC Winter End U1400"]
[Site "Toronto CAN"]
[Date "2012.02.16"]
[Round "1"]
[White "Liang, Hairan"]
[Black "Deng, Yi"]
[Result "1/2-1/2"]
[WhiteElo "790"]
[BlackElo "1035"]
[PlyCount "120"]
[GameId "2160767909576371"]
[EventDate "2012.02.16"]
[EventType "swiss"]
[EventRounds "5"]
[EventCountry "CAN"]
[SourceTitle "EXT 2022"]
[Source "ChessBase"]
[SourceDate "2021.10.06"]
[SourceVersion "1"]
[SourceVersionDate "2021.10.06"]
[SourceQuality "1"]

1. e4 e5 2. Nf3 Nc6 3. Bb5 d6 4. Nc3 Bd7 5. O-O a6 6. Bc4 Nf6 7. Ng5 Bg4 8. Bxf7+ Ke7 9. f3 Bh5 10. Bxh5 Nxh5 11. Nd5+ Kd7 12. Nf7 Qe8 13. Nxh8 Be7 14. Nxe7 Nxe7 15. f4 Nf6 16. fxe5 dxe5 17. d3 Qxh8 18. Bg5 Rf8 19. d4 Ke8 20. dxe5 Nxe4 21. Qh5+ g6 22. Qg4 Qxe5 23. Rxf8+ Kxf8 24. Bh6+ Kg8 25. Rf1 Nf5 26. Bg5 Qd4+ 27. Kh1 Nf2+ 28. Rxf2 Qxf2 29. Qd1 Nd6 30. h3 Qg3 31. Bf6 Nf7 32. b4 Qf4 33. Bc3 Qc4 34. Qd4 Qxd4 35. Bxd4 b5 36. Kg1 h5 37. h4 Nd6 38. c3 Nf5 39. Bf2 Kf7 40. Kh2 Ke6 41. g3 Nh6 42. Kg2 Ng4 43. Bd4 Nf6 44. Kf3 Ke7 45. Kf4 Nh7 46. g4 Nf6 47. g5 Ng4 48. Ke4 Ke6 49. Kf4 Nh2 50. Kg3 Nf1+ 51. Kf4 Nd2 52. Ke3 Nc4+ 53. Kd3 Nd6 54. Kc2 Nc4 55. Kb3 Nd6 56. a4 Nf5 57. axb5 axb5 58. Bf2 c6 59. c4 Kd6 60. Bc5+ Ke6 1/2-1/2

[Event "Scarborough CC Winter End U1400"]
[Site "Toronto CAN"]
[Date "2012.02.16"]
[Round "1"]
[White "Liu, Daniel1"]
[Black "Sekar, Varun"]
[Result "1-0"]
[WhiteElo "1019"]
[BlackElo "1255"]
[PlyCount "29"]
[GameId "2160767909576372"]
[EventDate "2012.02.16"]
[EventType "swiss"]
[EventRounds "5"]
[EventCountry "CAN"]
[SourceTitle "EXT 2022"]
[Source "ChessBase"]
[SourceDate "2021.10.06"]
[SourceVersion "1"]
[SourceVersionDate "2021.10.06"]
[SourceQuality "1"]

1. e4 e5 2. Nf3 Nc6 3. Bc4 Nf6 4. Nc3 Nxe4 5. Qe2 Nxc3 6. dxc3 d6 7. O-O Bg4 8. h3 Bh5 9. Re1 Be7 10. Bd2 O-O 11. Rad1 Na5 12. Bd3 Re8 13. Qe4 Rb8 14. Qxh7+ Kf8 15. Qh8# 1-0

[Event "Scarborough CC Winter End U1400"]
[Site "Toronto CAN"]
[Date "2012.02.16"]
[Round "1"]
[White "Ming, Wenyang"]
[Black "Roy, Lawrence"]
[Result "1-0"]
[WhiteElo "1253"]
[BlackElo "1004"]
[PlyCount "120"]
[GameId "2160767909576373"]
[EventDate "2012.02.16"]
[EventType "swiss"]
[EventRounds "5"]
[EventCountry "CAN"]
[SourceTitle "EXT 2022"]
[Source "ChessBase"]
[SourceDate "2021.10.06"]
[SourceVersion "1"]
[SourceVersionDate "2021.10.06"]
[SourceQuality "1"]

1. e4 e5 2. Nf3 Nf6 3. Nxe5 d6 4. Nf3 Nxe4 5. d3 Nf6 6. Be2 Nc6 7. Nc3 d5 8. d4 Be7 9. O-O O-O 10. a3 h6 11. Bb5 Bd7 12. Re1 Re8 13. Ba4 Bd6 14. Bb3 Rxe1+ 15. Qxe1 Qe8 16. Nxd5 Qxe1+ 17. Nxe1 Nxd5 18. Bxd5 Re8 19. Nf3 Bg4 20. Bxc6 bxc6 21. Be3 Bxf3 22. gxf3 Be7 23. a4 a5 24. Bd2 Bf6 25. Bxa5 Bxd4 26. Bxc7 Bxb2 27. Rb1 Bd4 28. Rb8 Rxb8 29. Bxb8 Bc3 30. Bc7 Bd4 31. a5 Ba7 32. Bb6 Bb8 33. a6 f5 34. a7 Bxa7 35. Bxa7 g5 36. c4 Kg7 37. Bd4+ Kg6 38. Be5 f4 39. h4 Kf5 40. Bg7 Kg6 41. Bf8 gxh4 42. Be7 Kh5 43. Kh2 Kg6 44. Kh3 Kf5 45. Kxh4 Kg6 46. Kg4 Kf7 47. Bd6 Ke6 48. Bxf4 Kd7 49. Bxh6 Ke7 50. c5 Kf6 51. Bf8 Kf7 52. Bd6 Ke6 53. f4 Kf6 54. f5 Kf7 55. f4 Kf6 56. Be5+ Kf7 57. Kg5 Kf8 58. Bd6+ Kf7 59. f6 Ke8 60. f5 Kf7 1-0

[Event "Scarborough CC Winter End U1400"]
[Site "Toronto CAN"]
[Date "2012.02.16"]
[Round "1"]
[White "Nasirov, Ildar"]
[Black "Maurer, Hans"]
[Result "1-0"]
[WhiteElo "1118"]
[BlackElo "914"]
[PlyCount "43"]
[GameId "2160767909576374"]
[EventDate "2012.02.16"]
[EventType "swiss"]
[EventRounds "5"]
[EventCountry "CAN"]
[SourceTitle "EXT 2022"]
[Source "ChessBase"]
[SourceDate "2021.10.06"]
[SourceVersion "1"]
[SourceVersionDate "2021.10.06"]
[SourceQuality "1"]

1. e4 e5 2. Nf3 Nc6 3. Bb5 a6 4. Bxc6 bxc6 5. O-O d6 6. d4 f5 7. Re1 h6 8. Nc3 Nf6 9. dxe5 Ng4 10. exd6 cxd6 11. exf5+ Kf7 12. Ng5+ hxg5 13. Qxg4 Qf6 14. Qe4 Bxf5 15. Qxc6 Be7 16. Ne4 Qh6 17. Qd5+ Kg6 18. Ng3 Qxh2+ 19. Kf1 Rhf8 20. Rxe7 Rfe8 21. Qxf5+ Kh6 22. Bxg5# 1-0

[Event "Scarborough CC Winter End U1400"]
[Site "Toronto CAN"]
[Date "2012.02.16"]
[Round "1"]
[White "Pakerathan, Thurvan"]
[Black "Paraparan, Varshini"]
[Result "0-1"]
[WhiteElo "956"]
[BlackElo "1126"]
[PlyCount "94"]
[GameId "2160767909576375"]
[EventDate "2012.02.16"]
[EventType "swiss"]
[EventRounds "5"]
[EventCountry "CAN"]
[SourceTitle "EXT 2022"]
[Source "ChessBase"]
[SourceDate "2021.10.06"]
[SourceVersion "1"]
[SourceVersionDate "2021.10.06"]
[SourceQuality "1"]

1. e4 e5 2. Nf3 Nc6 3. Bb5 a6 4. Bxc6 dxc6 5. Nxe5 Qd4 6. Nf3 Qxe4+ 7. Qe2 Qxe2+ 8. Kxe2 Nf6 9. Re1 Bd6 10. Kd1+ Be7 11. h3 Bf5 12. b3 Ne4 13. Re2 Nc5 14. Ba3 Be6 15. d4 Nd7 16. Bxe7 Kxe7 17. Ng5 Nf8 18. f4 g6 19. g4 Kf6 20. Nxe6 Nxe6 21. Re5 Nxf4 22. g5+ Kg7 23. h4 Rhe8 24. Rxe8 Rxe8 25. Nc3 Rd8 26. Ne2 Nxe2 27. Kxe2 Rxd4 28. Rh1 h6 29. gxh6+ Kxh6 30. c3 Rg4 31. Kd3 Kh5 32. c4 Rxh4 33. Rxh4+ Kxh4 34. Ke4 f5+ 35. Kf4 b5 36. c5 a5 37. a4 b4 38. Kf3 g5 39. Kf2 Kh3 40. Kg1 Kg3 41. Kh1 Kf2 42. Kh2 g4 43. Kh1 f4 44. Kh2 g3+ 45. Kh1 g2+ 46. Kh2 g1=Q+ 47. Kh3 Qg3# 0-1

[Event "Scarborough CC Winter End U1400"]
[Site "Toronto CAN"]
[Date "2012.02.16"]
[Round "1"]
[White "Patel, Saiyam"]
[Black "Patel, Alay"]
[Result "0-1"]
[WhiteElo "910"]
[BlackElo "890"]
[PlyCount "36"]
[GameId "2160767909576376"]
[EventDate "2012.02.16"]
[EventType "swiss"]
[EventRounds "5"]
[EventCountry "CAN"]
[SourceTitle "EXT 2022"]
[Source "ChessBase"]
[SourceDate "2021.10.06"]
[SourceVersion "1"]
[SourceVersionDate "2021.10.06"]
[SourceQuality "1"]

1. e3 e6 2. Nf3 Nc6 3. Ng5 Qxg5 4. f4 Qh4+ 5. g3 Qf6 6. Bb5 a6 7. Bd3 e5 8. fxe5 Qxe5 9. Qf3 Nf6 10. c4 Qe6 11. b4 Ne5 12. Qf4 Nxd3+ 13. Kf1 Nxf4 14. gxf4 Qh3+ 15. Kf2 Ng4+ 16. Ke1 Qg2 17. Rf1 Nxh2 18. b5 Qxf1# 0-1

[Event "Scarborough CC Winter End U1400"]
[Site "Toronto CAN"]
[Date "2012.02.16"]
[Round "1"]
[White "Roy, Harrison"]
[Black "Stroempl, Hedi"]
[Result "0-1"]
[WhiteElo "855"]
[BlackElo "1061"]
[PlyCount "72"]
[GameId "2160767909576377"]
[EventDate "2012.02.16"]
[EventType "swiss"]
[EventRounds "5"]
[EventCountry "CAN"]
[SourceTitle "EXT 2022"]
[Source "ChessBase"]
[SourceDate "2021.10.06"]
[SourceVersion "1"]
[SourceVersionDate "2021.10.06"]
[SourceQuality "1"]

1. e4 e5 2. Nf3 d6 3. Nc3 Nc6 4. Bb5 Bd7 5. d3 Nf6 6. Ng5 h6 7. Nf3 a6 8. Bxc6 Bxc6 9. O-O Be7 10. Re1 Qd7 11. Be3 O-O 12. Nh4 Rfd8 13. Qf3 d5 14. Qg3 Qg4 15. Qxg4 Nxg4 16. h3 Nxe3 17. fxe3 Bxh4 18. Rf1 Be7 19. exd5 Bxd5 20. Nxd5 Rxd5 21. Rf2 f6 22. Rd1 c5 23. Rf5 b5 24. d4 Rad8 25. c3 g6 26. Rf3 Kg7 27. e4 R5d7 28. Rfd3 c4 29. R3d2 h5 30. Kf1 exd4 31. Rxd4 Rd6 32. Rxd6 Bxd6 33. Rd5 Kf7 34. Rc5 Bxc5 35. b4 cxb3 36. axb3 Rd3 0-1

[Event "Scarborough CC Winter End U1400"]
[Site "Toronto CAN"]
[Date "2012.02.16"]
[Round "1"]
[White "Souchko, Larissa"]
[Black "Mahoney, Sean"]
[Result "0-1"]
[WhiteElo "1110"]
[BlackElo "904"]
[PlyCount "48"]
[GameId "2160767909576378"]
[EventDate "2012.02.16"]
[EventType "swiss"]
[EventRounds "5"]
[EventCountry "CAN"]
[SourceTitle "EXT 2022"]
[Source "ChessBase"]
[SourceDate "2021.10.06"]
[SourceVersion "1"]
[SourceVersionDate "2021.10.06"]
[SourceQuality "1"]

1. e4 e5 2. Nf3 Nc6 3. d4 exd4 4. Nxd4 Ne5 5. f4 Ng6 6. Nc3 Nf6 7. Bc4 Bb4 8. a3 Bxc3+ 9. bxc3 d5 10. Bb3 Nxe4 11. Qe2 O-O 12. Nf3 Nxc3 13. Qd3 Ne4 14. Qd4 Be6 15. O-O Qd6 16. Bb2 Nf6 17. Ng5 h6 18. Nxe6 fxe6 19. Rfe1 c5 20. Qf2 c4 21. Ba2 Ng4 22. Qf3 Qb6+ 23. Kh1 Rxf4 24. Qg3 Raf8 0-1

[Event "Scarborough CC Winter End U1400"]
[Site "Toronto CAN"]
[Date "2012.02.16"]
[Round "1"]
[White "Wang, Yanning"]
[Black "Magee, Bruce"]
[Result "1-0"]
[WhiteElo "1047"]
[BlackElo "792"]
[PlyCount "79"]
[GameId "2160767909576379"]
[EventDate "2012.02.16"]
[EventType "swiss"]
[EventRounds "5"]
[EventCountry "CAN"]
[SourceTitle "EXT 2022"]
[Source "ChessBase"]
[SourceDate "2021.10.06"]
[SourceVersion "1"]
[SourceVersionDate "2021.10.06"]
[SourceQuality "1"]

1. e4 e5 2. Bc4 Nf6 3. Nc3 d6 4. Nd5 Nxd5 5. Bxd5 c6 6. Bb3 d5 7. Qh5 Qe7 8. exd5 g6 9. Qf3 Bd7 10. d6 e4 11. dxe7 exf3 12. exf8=Q+ Rxf8 13. Nxf3 Bf5 14. d3 Nd7 15. O-O O-O-O 16. h3 Rde8 17. a4 f6 18. Bc4 Ne5 19. Nxe5 Rxe5 20. b4 Rfe8 21. Bf4 Re2 22. c3 g5 23. Bg3 Rc2 24. b5 Bd7 25. bxc6 Bxc6 26. Ra3 f5 27. a5 f4 28. Bh2 Rce2 29. Rfa1 h5 30. Bf7 Rd8 31. Bxh5 Re7 32. d4 Be8 33. Bg4+ Bd7 34. Bxd7+ Kxd7 35. Rb1 Kc7 36. g3 f3 37. g4+ Kc8 38. Be5 Rh7 39. Bf6 Rxh3 40. Bxd8 1-0